<?xml version="1.0" encoding="UTF-8"?>
<record
    xmlns:xsi="http://www.w3.org/2001/XMLSchema-instance"
    xsi:schemaLocation="http://www.loc.gov/MARC21/slim http://www.loc.gov/standards/marcxml/schema/MARC21slim.xsd"
    xmlns="http://www.loc.gov/MARC21/slim">

  <leader>01185nam a2200277 a 4500</leader>
  <controlfield tag="001">BRCA_4327</controlfield>
  <controlfield tag="005">20190320204629.0</controlfield>
  <controlfield tag="008">250610r18291990mx-ah#####---#000-0#spa-#</controlfield>
  <datafield tag="020" ind1=" " ind2=" ">
    <subfield code="a">9686120076</subfield>
  </datafield>
  <datafield tag="041" ind1=" " ind2=" ">
    <subfield code="a">spa</subfield>
  </datafield>
  <datafield tag="044" ind1=" " ind2=" ">
    <subfield code="a">mx</subfield>
  </datafield>
  <datafield tag="050" ind1=" " ind2="4">
    <subfield code="a">TN28</subfield>
    <subfield code="b">.S45 1990</subfield>
  </datafield>
  <datafield tag="245" ind1="1" ind2="0">
    <subfield code="a">Seis panor&#xE1;micas de los m&#xE1;s importantes poblados y distritos mineros del altiplano de M&#xE9;xico</subfield>
    <subfield code="b">dibujadas por la Sra. H. G. Ward y grabadas por el Sr. Pye con datos estad&#xED;sticos de poblaci&#xF3;n</subfield>
    <subfield code="c">traducci&#xF3;n y comentario de Elena Horz de V&#xED;a.</subfield>
  </datafield>
  <datafield tag="260" ind1=" " ind2=" ">
    <subfield code="a">M&#xE9;xico</subfield>
    <subfield code="b">Banco de M&#xE9;xico</subfield>
    <subfield code="c">1990</subfield>
  </datafield>
  <datafield tag="300" ind1=" " ind2=" ">
    <subfield code="a">1 v. (sin paginaci&#xF3;n)</subfield>
    <subfield code="b">il.</subfield>
    <subfield code="c">36 cm.</subfield>
    <subfield code="e">1 portafolio con 6 l&#xE1;minas</subfield>
  </datafield>
  <datafield tag="500" ind1=" " ind2=" ">
    <subfield code="a">Facs&#xED;mil de: Six Views of the Most Important Towns, and Mining Districts, Upon the Table Land of Mexico. Londres: Henry Colburn, 1829</subfield>
  </datafield>
  <datafield tag="500" ind1=" " ind2=" ">
    <subfield code="a">T&#xED;tulo en cubierta: Panor&#xE1;micas de M&#xE9;xico</subfield>
  </datafield>
  <datafield tag="500" ind1=" " ind2=" ">
    <subfield code="a">Por su formato NO se presta a domicilio</subfield>
  </datafield>
  <datafield tag="650" ind1="1" ind2="4">
    <subfield code="a">Minas</subfield>
    <subfield code="y">Siglo XIX</subfield>
    <subfield code="z">M&#xE9;xico</subfield>
    <subfield code="9">11092</subfield>
  </datafield>
  <datafield tag="651" ind1=" " ind2="4">
    <subfield code="a">M&#xE9;xico</subfield>
    <subfield code="x">Descripci&#xF3;n y viajes</subfield>
    <subfield code="9">103</subfield>
  </datafield>
  <datafield tag="653" ind1="0" ind2=" ">
    <subfield code="a">Viajeros extranjeros en M&#xE9;xico</subfield>
  </datafield>
  <datafield tag="700" ind1="1" ind2=" ">
    <subfield code="a">Ward, H. G.</subfield>
    <subfield code="9">11093</subfield>
  </datafield>
  <datafield tag="700" ind1="1" ind2=" ">
    <subfield code="a">Pye</subfield>
    <subfield code="9">11094</subfield>
  </datafield>
  <datafield tag="700" ind1="1" ind2=" ">
    <subfield code="a">Horz de Via, Elena</subfield>
    <subfield code="9">499</subfield>
  </datafield>
  <datafield tag="942" ind1=" " ind2=" ">
    <subfield code="2">lcc</subfield>
    <subfield code="c">B</subfield>
  </datafield>
  <datafield tag="999" ind1=" " ind2=" ">
    <subfield code="c">4038</subfield>
    <subfield code="d">4038</subfield>
  </datafield>
  <datafield tag="952" ind1=" " ind2=" ">
    <subfield code="0">0</subfield>
    <subfield code="1">0</subfield>
    <subfield code="4">0</subfield>
    <subfield code="7">0</subfield>
    <subfield code="a">BRCA</subfield>
    <subfield code="b">BRCA</subfield>
    <subfield code="d">2010-06-25</subfield>
    <subfield code="l">0</subfield>
    <subfield code="o">TN28 .S45 1990</subfield>
    <subfield code="p">00616</subfield>
    <subfield code="r">2019-03-22 00:00:00</subfield>
    <subfield code="w">2019-03-22</subfield>
    <subfield code="y">B</subfield>
  </datafield>
</record>
